• 首页
  • 本馆介绍
  • 公告通知
  • 最新文献
  • 馆藏检索
  • 电子资源
  • 读者导购
  • 参考咨询
  • 我的图书馆
  • 登录
  • 详细信息显示
  • 放入我的书架
  • 预约/预借图书
  • 作者相关作品
  • 分类相关作品
  • 丛书相关作品
  • 出版社相关作品

书目信息

  • 表格格式
  • 工作单格式
  • 卡片格式
题名:
体育美育教程
    
 
作者: 陈伟 , 魏万珍 , 刘建和 主编
分册:  
出版信息: 北京   高等教育出版社  2022.2
页数: 194页
开本: 23cm
丛书名:
单 册:
中图分类: G802
科图分类:
主题词: 体育美学--ti yu mei xue--高等学校--教材
电子资源:
ISBN: 978-7-04-040457-9
000 00806nam0 2200277 45
001 012001000084
005 20141201101645.0
010    @a978-7-04-040457-9@dCNY22.50
099    @aCAL 012014109994
100    @a20220905d2014 em y0chiy50 ea
101 0  @achi
102    @aCN@b110000
105    @aa a 000yy
106    @ar
200 1  @a体育美育教程@Ati yu mei yu jiao cheng@f主编陈伟, 魏万珍, 刘建和
210    @a北京@c高等教育出版社@d2022.2
215    @a194页@c图@d23cm
320    @a有书目 (第192-194页)
333    @a高等学校教材
606 0  @a体育美学@Ati yu mei xue@x高等学校@j教材
690    @aG802@v5
701  0 @a陈伟@Achen wei@4主编
701  0 @a魏万珍@Awei wan zhen@4主编
701  0 @a刘建和@Aliu jian he@4主编
801  0 @aCN@bAHXH@c20221111
905    @b1368730-4@dG802@e2034@f5
    
    体育美育教程/主编陈伟, 魏万珍, 刘建和.-北京:高等教育出版社,2022.2
    194页:图;23cm
    使用对象:高等学校教材
    
    ISBN 978-7-04-040457-9:CNY22.50
    
●
相关链接 在E读中查询图书 在五车中查询图书 在当当中查询图书 在豆瓣中查询图书


正题名:体育美育教程     索取号:G802/2034         预约/预借

序号 登录号 条形码 馆藏地/架位号 状态 备注
1 1368730   213687303   第一样本阅览室/ [索取号:G802/2034] 在馆    
2 1368731   213687312   教育系资料室/ [索取号:G802/2034] 在馆    
3 1368732   213687321   教育系资料室/ [索取号:G802/2034] 在馆    
4 1368733   213687330   第四借阅区/ [索取号:G802/2034] 在馆    
5 1368734   213687349   第四借阅区/ [索取号:G802/2034] 在馆    
唐山师范学院图书馆 欢迎您!
大连网信软件有限公司© 版权所有